000 00309nam a22001337a 4500
008 181022b xxu||||| |||| 00| 0 eng d
020 _a0944210910
041 _aeng
080 _a371
100 _a46
101 _aEDU
245 _aTen Steps to Building College Reading Skills
_cLangan,J
942 _2udc
_cBK
999 _c50376
_d50376